00683 a2200169 4500003000500000005001700005040000900022082001200031100004000043245013400083260003700217300001500254505018900269538002900458650001400487651001200501Nust20170207153219.0 cNust a621.382 aKiani, Ishtiaq Mahmood ( MSEE-12) aDevelopment of estimation method for IDMA systems and its comparative study with log likelihood methodcIshtiaq Mahmood Kiani  bMCS, NUSTcNov, 2008aRawalpindi axi,65, p.; aIntroduction (page-1) Multiple access schemes (page-4) IDMA using hypothesis theory (page-16) IDMA using estimation theory (page-32) Analysis and results (page-45) Conclusion (page-60) aAlmirah No 69 Shelf No 2 aPG Thesis aMSEE-12